| 000 | 01017nam a22003137a 4500 | ||
|---|---|---|---|
| 003 | CHAP | ||
| 005 | 20220329140135.0 | ||
| 008 | 971013s1931 r 00010 d | ||
| 010 | _a47549 | ||
| 011 | _a48521 | ||
| 035 | _a52667 | ||
| 040 | _cCHAP | ||
| 090 | _aTesis | ||
| 100 | 0 | 0 |
_aVarela, Alejandro. _9117945 |
| 245 | _aPlan agrícola de explotación del rancho "La Chacha" | ||
| 260 |
_aChapingo, Méx. : _bEl autor, _c1931 |
||
| 300 | _a54 p. | ||
| 502 | _aTesis (Ing. Agr. Esp. en Industrias Agrícolas) -- ENA. Departamento de Industrias Agrícolas | ||
| 590 |
_aALEPH _b10 _c20130110 _lUCH01 _h1317 |
||
| 590 |
_aBATCH-UPD _b10 _c20130110 _lUCH01 _h2020 |
||
| 590 |
_aBATCH-UPD _b10 _c20130410 _lUCH01 _h1338 |
||
| 590 |
_aBATCH-UPD _b10 _c20130914 _lUCH01 _h1928 |
||
| 590 |
_aCONVERSION _b10 _c20130109 _lUCH01 _h1326 |
||
| 650 | 1 | 4 |
_aPolítica agrícola _xChihuahua. _990299 |
| 901 | _aBK | ||
| 942 | _cFOLL | ||
| 949 |
_bBC _cTES _d-117199 _eTS1 _i52667 _si |
||
| 949 |
_bBC _cTES _d-117200 _eTS2 _fc.2 _i52667 _si |
||
| 999 |
_c47549 _d47549 |
||